00680nam a2200241 a 4500001001300000003000900013005001700022008004100039020001000080082001500090100002400105245002000129260003500149300000900184500003500193505000800228650003300236700002400269902000800293942000700301952011500308999001500423nice12345678IN_TiNIC20260116011848.0050524s1955 alia grp 000 0 urd  ac10000a297.7bNIG aNigrami, Mohd Owais aNisab-E-Diniyat aAligarhbUniversity Pub.c1955 a119p aincludes index and biblioraphy2 aApp aIslam-Education and Training1 aNigrami, Mohd Owais bSRS cBK 001040708StackRoom-aHMIbHMId2007-07-12g100.00l0o297.7 NIGp06017r2007-07-12v100.00w2005-05-24yBK c4536d4536